Quizzes
Events
Quiz Creation
Community
Videos
Private Events
Remove Ads
Sign In
Join for FREE
Feedback
Dark Mode
Quiz Categories
Sports
Geography
Music
Movies
Television
Just For Fun
Miscellaneous
History
Literature
Language
Science
Gaming
Entertainment
Religion
Holiday
For Kids
Quiz Lab
Recent
Popular Today
Quiz Kudos Today
Editor Picks
Curator Picks
Quizzes by...
Day
Popularity
Type
Ratings
Length
Year
Community
Subscriptions
Recent Discussions
Orange Saloon
Badges
Playlists
Quests
Create
Leaderboards
Showdown
Live 5
Trivia Bingo
Activity
Puzzle Library
Sporcle Events
Private Events
Virtual Trivia
Globe League
Become a Host
Pub Owners
SporcleCon
Opinionation
Our Games
Videos
Blog
Mobile Apps
Partnerships
Remove Ads and Go Orange
Feedback
Miscellaneous
Crossword
General Knowledge
Baby Names
Logo
Food
Cars
Numbers
Grab Bag
University
College
Popular
Company
Slogans
Restaurants
Justice
Letter
Miscellaneous
Crossword
General Knowledge
Baby Names
Logo
Food
Cars
Numbers
Grab Bag
University
College
Popular
Company
Slogans
Restaurants
Justice
Letter
Random Quiz
Search Sporcle
×
Quiz Lab
Quiz Lab
Miscellaneous
Jesus Christ
Type in answers that appear in a list
Type in answers that appear in a list
Classic
Best Score? Go Orange.
Facts I found off my Cheese Stick Stats
Can you name the answers to these strange trivia questions?
By
sal9
3m
16 Questions
104 Plays
104 Plays
104 Plays
Comments
Comments
Give Quiz Kudos
Give Quiz Kudos
-
- Ratings
hide this ad
Replay
Link that replays current quiz
Next Quiz
Link to next quiz in quiz playlist
You Got
0%
They Got
Avg Score
26%
Avg Friend Score
Upgrade to see
Score Distribution
Jump to the score distribution portion of the page
Score
0/16
Timer
03:00
0
Plays Today
Question
Answer
% Correct
Is it possible to successfully tickle yourself?
No
74%
How many letters in the English alphabet look the same upside down as they do right side up?
7
48.1%
How long is the attention span of a goldfish?
3 seconds
46.2%
What are the only insects that make a form of food for humans?
Honeybees
38.5%
How many letters are in the Hawaiian alphabet?
12
37.5%
What was the first video ever aired on MTV?
Video Killed the Radio Star
36.5%
What is the dot over an 'i' called?
Tittle
32.7%
What is the world's largest lake?
Lake Superior
26%
Question
Answer
% Correct
What is the most consumed fruit in the world?
Mango
20.2%
Which is the fastest healing body part in the human body?
Tongue
16.3%
What is the most popular pet name in the United States?
Max
11.5%
Geographically, what is the smallest county in the United States?
Manhattan
8.7%
What is the most common dog name beginning with 'S'?
Snoopy
8.7%
What is the smallest measurable unit of time?
Yoctosecond
6.7%
In which country was lemonade invented?
Mongolia
3.8%
How many bones does a human have immediately after birth?
350
2.9%
Quiz Playlist
Details
Report
Send in Message
Add To Playlist
Classic:
Type in answers that appear in a list
Last Updated: Feb 16, 2017
Quiz Scoreboard
CHALLENGE
Sign Up to Join the Scoreboard
Show All
Scores
Hide
Comments
May contain spoilers
Recently Published
College Basketball Coaching Resumes
by pancakes188
Sports
9m
Billboard Blitz: Fleetwood Mac
by CooCooCachoo
Music
15s
Presidents Visiting Landmarks
by Hejman
History
7m
More to Explore
Quiz From the Vault
Featured Blog Post
Where Did the Easter Bunny Come From?
hide this ad
You Might Also Like...
Tags
All Time
cheese
greatest
Jesus Christ
stick
Today's Top Quizzes in Miscellaneous
Browse Miscellaneous
hide this ad
Today's Top Quizzes in Jesus Christ
Browse Jesus Christ
Top Contributed Quizzes in Miscellaneous
1
5-to-1: Fast Food
2
The JOE quick-fire general knowledge quiz: Day 174
3
The JOE quick-fire general knowledge quiz: Day 173
4
5-to-1: Cocktails
5
The JOE quick-fire general knowledge quiz: Day 172
6
Sunday Crossword: Famous Bodies of Water
7
The JOE quick-fire general knowledge quiz: Day 171
8
One Thing in Common: United Kingdom II
9
Named After an Animal - Odd One Out!
10
The JOE quick-fire quiz: Day 170
Explore More
Trending Topics
Marvel
NBA
Disney
Kpop
Anime
Crossword
Harry Potter
Country
Soccer
Song
NFL
Pokémon
Puzzle
The Office
WWE
hide this ad
More By:
sal9
Quiz
Plays
Rating
Category
Featured
Created
Chain Reaction
2,503
1.54
Just For Fun
May 18, 2011
Chain Reaction
1,178
2.40
Just For Fun
May 17, 2011
Things Every Educated American Should Know
400
1.71
Miscellaneous
Aug 31, 2011
Facts I found off my Cheese Stick
104
5.00
Miscellaneous
May 16, 2011
Super Bowl Losers
38
2.20
Sports
Jun 1, 2011
Go to Creator's Profile
Score Distribution
Quiz Creator Spotlight
sal9
Follow
Send a Message
Quizzes Created
-
Created Quiz Play Count
-
More By This Creator
Popular Quizzes Today
1
Find the US States - No Outlines Minefield
2
Find the Countries of Europe - No Outlines Minefield
3
The Countries of the World
4
Find the US States
5
Risky Map Clicking: Biggest States A-Z
6
US States
7
Popular People in 1961
8
Movies - When Are They Set?
More Miscellaneous Quizzes
15 Categories: Letter 'L' Blitz
Published
Trending Quizzes
Risky Map Clicking: Least Populous States A-Z
1-10 Letter G Words
1-10 Letter F Words
Risky Map Clicking: Next State Alphabetically
Click the Washington State Counties! (Map)
Recently Updated
Leaping Animals
pecheneg
Reality TV Shows (A-Z)
bhenderson79
Rickey Henderson's Hall of Fame Teammates
pecheneg
Champions League XIs: Arsenal
pecheneg
Quick Pick: Celebrities in WWE's Hall of Fame
aduchscher
A-Z Keypad Blitz II
pecheneg
Multiple Oscar Actors
pecheneg
Mystery Phrase Blitz: Oscar 'Best Actors'
pecheneg
F. Scott Fitzgerald Novels
LTH
Pick 3 Villains
ddd62291
Trending Topics
Kpop
Harry Potter
Marvel
NBA
Anime
Disney
Crossword
The Office
Song
Country
WWE
Puzzle
Soccer
Pokémon
NFL
Your Account Isn't Verified!
In order to create a playlist on Sporcle, you need to verify the email address you used during registration. Go to your
Sporcle Settings
to finish the process.
Report this User
Report this user for behavior that violates our
Community Guidelines
.
Details:
Send Report
Go to the Sporcle.com Mobile Site →
Comments